| 000 | 00809nam a2200205Ii 4500 | ||
|---|---|---|---|
| 003 | JO-AjNU | ||
| 008 | 230605s9999||||xx |||||||||||||| ||und|| | ||
| 040 |
_aJO-AjNU _bara _erda _cJO-AjNU |
||
| 041 | _aara | ||
| 050 | 1 | 4 | _aPN1995.9 2005 |
| 100 | 3 |
_aتأليف لوبروتو، فنسنت ؛ ترجمة علام خضر , _eauthor _924671 |
|
| 245 | 0 | 0 | _aستانلي كوبريك: سيرة حياته وأعماله |
| 264 | 3 | 1 | _aدمشق: المؤسسة العامة للسينما، 2005 |
| 300 | _a695ص | ||
| 336 |
_atext _btxt _2rdacontent |
||
| 337 |
_aunmediated _bn _2rdamedia |
||
| 338 |
_avolume _bnc _2rdacarrier |
||
| 490 | 0 | _aالفن السابع 88 | |
| 650 | 4 |
_aالسينما - إنتاج وإخراج - الولايات المتحدة الأمريكية - ستانلي كوبريك _924672 |
|
| 999 |
_aA9124 _c12692 _d12692 |
||